000 00429nam a2200181 i 4500
001 bg
100 1 _aJaworski, Zbigniew
_c(mechanika).
245 0 _aObrabiarki /
_cZbigniew Jaworski.
250 _aWyd.4 zm.
260 _aWarszawa :
_bPWSZ,
_c1969.
650 9 _aObrabiarki
655 _aPodręczniki
040 _cBPK
041 _apol
080 _a621.9(07)
942 _cKS
008 s pl f |000 0 pol
999 _c10514
_d10514
856 _uhttp://koha.tu.koszalin.pl/cgi-bin/koha/opac-detail.pl?biblionumber=10514
_yKatalog online BPK